=LDR 00000nam 2200000 4500 =001 INLIS000000000021356 =005 20130612120224 =008 ***********************************Ind** =035 ##$$0010-061300000021356 =041 ##$$a Ind =082 ##$$a 658.02 =090 ##$$a 658.02, Wir m =100 ##$$a Wirasasmita, R.A. Rivai =245 ##$$a Manajemen Koperasi, R.A. Rivai Wirasasmita, N. Kusno, Erna Herlinawati y =260 ##$$a 1996 $b Bandung =300 ##$$a viii, 44 hlm, 21 cm =650 ##$$a Koperasi - Manajemen =700 ##$$a Kusno, N =850 ##$$a NBPNMAT